00525 2200217 4500001002100000005001700021008004100038035002400079082001000103090002000113100001600133245003400149250001100183260002600194300002400220650001200244850001500256980001500271985000600286999001500292YOGYA-0209000003589820090227025049.0 ind  0010-020900000035898 a634.5 a634.5bRis BlT aRismunandar aBertanam kedelaicRismunandar aCet. 2 aBandungbtaratec1975 a44 hlmbilusc21 cm aKedelai aYOPDYOG(B) a01-19-2006 a1 aa000019414